| 000 | 01456cad a22002175a 4500 | ||
|---|---|---|---|
| 001 | L144636 | ||
| 008 | 080801s2008 xxkad f s 000 0 eng d | ||
| 035 | _a(Sirsi) u144636 | ||
| 041 | 0 | _aeng | |
| 110 | 2 |
_aRoyal Institution of Chartered Surveyors _bEconomics _95033 |
|
| 245 | 0 | 0 |
_aRICS global commercial property survey United Kingdom _bQ2 2008 _h[electronic resource] |
| 260 |
_aLondon _bRoyal Institute of Chartered Surveyors _c2008 |
||
| 490 | 0 |
_aRICS Global Commercial Property Survey United Kingdom _vQ2 2008 |
|
| 520 | _aReports a decline in occupier activity across developed markets and some emerging markets in the second quarter of 2008. The net balance for tenant demand fell across all property sectors in the developed economies, with the retail market seeing the weakest tenant activity. Rental expectations fell in most markets. Investment activity continued to diminish in the second quarter, with all regions outside Latin America seeing growth in transactions either stagnating or declining. Expects capital values to fall across most developed markets, especially Western Europe, Australasia and North America. | ||
| 590 | _aKA | ||
| 650 | 2 | 4 | _aRICS GLOBAL COMMERCIAL PROPERTY SURVEY |
| 651 | 4 | _aInternational | |
| 690 | _aPROPERTY-COMMERCIAL PROPERTY-COMMERCIAL PROPERTY MARKET | ||
| 856 | 4 | 0 |
_uhttps://www.rics.org/site/download_feed.aspx?fileID=52&fileExtension=PDF _zView the survey free of charge at www.rics.org |
| 942 | _n0 | ||
| 999 |
_c108568 _d108568 |
||